थिऑसफी व जनतेच्या दारिद्रयाची हकालपट्टी. (Record no. 672939)

MARC details
000 -LEADER
fixed length control field 00869nam a2200181Ia 4500
008 - FIXED-LENGTH DATA ELEMENTS--GENERAL INFORMATION
fixed length control field 100920s9999 xx 000 0 und d
082 ## - DEWEY DECIMAL CLASSIFICATION NUMBER
Item number 2232
Classification number 200 थ 53
100 ## - MAIN ENTRY--PERSONAL NAME
Personal name भागवत राजाराम सखाराम.
245 ## - TITLE STATEMENT
Title थिऑसफी व जनतेच्या दारिद्रयाची हकालपट्टी.
260 ## - PUBLICATION, DISTRIBUTION, ETC. (IMPRINT)
Name of publisher, distributor, etc चिटणीस मराठी थिऑसफिकल फेडरेशन पुणे.
Date of publication, distribution, etc 1953
300 ## - PHYSICAL DESCRIPTION
Extent 24
Other physical details साधी
365 ## - TRADE PRICE
Price amount 0.25
520 ## - SUMMARY, ETC.
Summary, etc धार्मिक.
630 ## - SUBJECT ADDED ENTRY--UNIFORM TITLE
Uniform title थिऑसफी व जनतेच्या दारिद्रयाची हकालपट्टी.
650 ## - SUBJECT ADDED ENTRY--TOPICAL TERM
Topical term or geographic name as entry element धार्मिक.
730 ## - ADDED ENTRY--UNIFORM TITLE
Uniform title थिऑसफी व जनतेच्या दारिद्रयाची हकालपट्टी.
942 ## - ADDED ENTRY ELEMENTS (KOHA)
Koha item type Book
Holdings
Withdrawn status Lost status Damaged status Not for loan Home library Current library Shelving location Date acquired Cost, normal purchase price Total Checkouts Barcode Date last seen Price effective from Koha item type Public note
        Shri Chhatrapati Pratapsinh Maharaj ( Thorle) Nagar Vachanalaya, Satara Shri Chhatrapati Pratapsinh Maharaj ( Thorle) Nagar Vachanalaya, Satara     0.25   SATVAC-2232 09/20/2010 09/20/2010 Book देवघेव